[Event "Wch Rapid"]
[Site "Berlin"]
[Date "2015.10.12"]
[Round "12"]
[White "Shchekachev, Andrei"]
[Black "Alekseev, Evgeny V"]
[Result "1-0"]
[WhiteElo "2531"]
[BlackElo "2642"]
[PlyCount "79"]
[EventDate "2015.10.10"]
[EventType "swiss (rapid)"]
[EventRounds "15"]
[EventCountry "GER"]
[SourceTitle "CBM 168 Extra"]
[Source "ChessBase"]
[SourceDate "2015.10.29"]
[SourceVersion "1"]
[SourceVersionDate "2015.10.29"]
[SourceQuality "1"]

1. Nf3 c5 2. e3 d5 3. b3 a6 4. c4 ({RR} 4. Ba3 e6 5. c4 Nf6 6. cxd5 Nxd5 7. Be2 Nc6 8. O-O Be7 9. Nc3 Ndb4 10. Qb1 O-O 11. Rd1 Bf6 12. d4 cxd4 13. Nxd4 Qa5 14. Bb2 Nxd4 15. exd4 Rd8 16. Ne4 Be7 17. a3 Nd5 18. Rc1 Bd7 {Almasi,Z (2687)-Balog,I (2578) Ajka 2021 0-1}) 4... d4 5. Ba3 ({RR} 5. exd4 cxd4 6. d3 Nc6 7. g3 e5 8. Bg2 Nf6 9. O-O Be7 10. Bg5 Nd7 11. Bxe7 Qxe7 12. Re1 O-O 13. a3 a5 14. Nbd2 Nc5 15. Ne4 Ne6 16. Qc2 f5 17. Ned2 Qc5 18. Qd1 Ned8 19. Qe2 Nf7 {Stefanou,D (2389)-Krasniqi,A (2163) Eforie Nord ROU 2025 1-0 (32)}) 5... Qb6 $146 ({RR} 5... b6 6. exd4 cxd4 7. Bd3 Nf6 8. O-O e6 9. Bxf8 Kxf8 10. Na3 Nc6 11. Nc2 Qd6 12. Ng5 Bb7 13. Ne4 Nxe4 14. Bxe4 f5 15. Bxc6 Qxc6 16. Ne1 e5 17. f3 Kf7 18. Nd3 Rhe8 19. Qe2 e4 20. fxe4 {Lazic,M (2314)-Krstic,P (2280) Bajina Basta SRB 2024 ½-½}) ({RR} 5... Qc7 6. exd4 cxd4 7. Bd3 Nc6 8. O-O Nf6 9. Re1 Bg4 10. Be2 O-O-O 11. d3 e5 12. Bxf8 Rhxf8 13. Nbd2 Kb8 14. h3 Bh5 15. a3 e4 16. dxe4 d3 17. Bf1 Nd4 18. Bxd3 Nd7 19. Be2 Bxf3 20. Nxf3 {Shchekachev,A (2496)-Yuffa,D (2603) Paris 2022 1-0 (55)}) ({RR} 5... dxe3 6. fxe3 e6 7. Nc3 Nf6 8. Be2 Nc6 9. O-O Be7 10. Qc2 O-O 11. Rad1 b6 12. Ng5 g6 13. Bf3 Bb7 14. Nge4 Nxe4 15. Nxe4 Qc7 16. Bb2 f5 17. Qc3 e5 18. Ng3 Bf6 19. Bd5+ Kg7 20. e4 {Hakobyan,A (2619)-Seletsky,G (2214) chess.com INT 2024 1-0 (50)}) 6. exd4 cxd4 7. Be2 g6 8. O-O Bg7 9. d3 Nc6 10. Nbd2 Nf6 11. b4 O-O 12. Rb1 Qc7 13. Qc1 Nh5 14. b5 Nf4 15. Re1 Ne5 16. Nxe5 Bxe5 17. Bf1 b6 18. c5 axb5 19. cxb6 Qxc1 20. Bxc1 f6 21. Rxb5 Ba6 22. Rb3 Rac8 23. Nf3 Rc3 24. Bxf4 Bxf4 25. Nxd4 Rxb3 26. Nxb3 Rb8 27. Rxe7 Rxb6 28. d4 Bxh2+ 29. Kxh2 Bxf1 30. Ra7 Rd6 31. f3 f5 32. Kg3 Bc4 33. Nc5 Rxd4 34. Ra4 f4+ 35. Kh2 g5 36. a3 g4 37. fxg4 f3 38. gxf3 Rd2+ 39. Kg3 Bd5 40. Ne4 1-0

[Event "Las Vegas Millionaire op KO U2550"]
[Site "Las Vegas"]
[Date "2015.10.13"]
[Round "2.2"]
[White "Sevian, Samuel"]
[Black "Popilski, Gil"]
[Result "1-0"]
[WhiteElo "2556"]
[BlackElo "2529"]
[PlyCount "63"]
[EventDate "2015.10.12"]
[EventType "k.o. (rapid)"]
[EventRounds "2"]
[EventCountry "USA"]
[SourceTitle "CBM 168 Extra"]
[Source "ChessBase"]
[SourceDate "2015.10.29"]
[SourceVersion "1"]
[SourceVersionDate "2015.10.29"]
[SourceQuality "1"]

1. e4 e6 2. d3 d5 3. Nd2 c5 4. Ngf3 Bd6 5. g3 Nc6 6. Bg2 Nge7 7. O-O O-O 8. Nh4 Bc7 9. f4 f6 10. c3 Rb8 ({RR} 10... b5 11. Qe2 Bb6 12. Ndf3 c4+ 13. d4 dxe4 14. Qxe4 Rb8 15. Bh3 Qd6 16. Re1 Nd8 17. f5 Bb7 18. Qe2 e5 19. Be3 Nd5 20. Bf2 Nf7 21. dxe5 fxe5 22. Rad1 e4 23. Nd4 Rfe8 24. Be3 b4 25. cxb4 {Hoanca,A (1650)-Szabo,G (2503) Brasov ROU 2023 0-1}) 11. Qh5 $146 ({RR} 11. Re1 b5 12. Kh1 d4 13. c4 Nb4 14. Bf1 a6 15. b3 Kh8 16. Ndf3 bxc4 17. bxc4 Qe8 18. Re2 Bd7 19. Rb2 Qf7 20. Re2 h6 21. Rb2 a5 22. a3 Nbc6 23. Rb5 Na7 24. a4 Nxb5 25. cxb5 g5 {Movsziszian,K (2525)-Peric,S (2365) La Pobla de Lillet 1998 ½-½ (65)}) ({RR} 11. Qe2 b5 12. Ndf3 e5 13. f5 Ba6 14. Kh1 d4 15. g4 c4 16. dxc4 bxc4 17. g5 dxc3 18. bxc3 Qd3 19. Qe1 Ba5 20. gxf6 gxf6 21. Bh6 Rf7 22. Rd1 Qxc3 23. Qg3+ Kh8 24. Ng6+ hxg6 25. fxg6 {1-0 (25) Gevorgyan,I (2078)-Rosenthal,J (2204) Kemer 2007}) 11... b5 12. a3 Bd7 13. Qe2 b4 14. axb4 cxb4 15. d4 bxc3 16. bxc3 dxe4 17. Nxe4 Nxd4 18. cxd4 Bb5 19. Qf2 Bxf1 20. Bxf1 Bb6 21. Nc5 e5 22. Ba3 Kh8 23. Rd1 Re8 24. fxe5 fxe5 25. Ne6 Qd5 26. Qf7 Rg8 27. Bxe7 Qb3 28. Bf6 Rb7 29. Bxg7+ Rxg7 30. Qf8+ Rg8 31. Qf6+ Rbg7 32. Nxg7 1-0

[Event "Wch Blitz 9th"]
[Site "Berlin"]
[Date "2015.10.13"]
[Round "1"]
[White "Ehlvest, Jaan"]
[Black "Meier, Georg"]
[Result "1-0"]
[WhiteElo "2535"]
[BlackElo "2654"]
[PlyCount "76"]
[EventDate "2015.10.13"]
[EventType "swiss (blitz)"]
[EventRounds "21"]
[EventCountry "GER"]
[SourceTitle "CBM 168 Extra"]
[Source "ChessBase"]
[SourceDate "2015.10.29"]
[SourceVersion "1"]
[SourceVersionDate "2015.10.29"]
[SourceQuality "1"]

1. Nf3 d5 2. c4 d4 3. b4 c5 4. bxc5 Nc6 5. d3 e5 6. g3 Bxc5 7. Bg2 Nf6 8. O-O O-O 9. Bg5 h6 10. Bxf6 Qxf6 11. Nbd2 ({RR} 11. Nfd2 Qe7 12. Nb3 Bb4 13. a3 Bd6 14. Qc1 Be6 15. N1d2 f5 16. c5 Bc7 17. Nc4 Rad8 18. Rb1 Qf7 19. Nbd2 Bb8 20. Qb2 Rd7 21. Bxc6 bxc6 22. Qxb8 Rxb8 23. Rxb8+ Kh7 24. Nxe5 Qf6 25. Nxd7 Bxd7 {Puranik,A (2635)-Kanyamarala,T (2243) chess.com INT 2024 1-0 (35)}) 11... Qe7 12. Rb1 Bg4 $146 ({RR} 12... Rb8 13. Ne1 Bd7 14. Nc2 f5 15. Re1 Nb4 16. Nxb4 Bxb4 17. e3 Qd6 18. exd4 exd4 19. Qb3 Bc5 20. Bd5+ Kh8 21. Nf3 Rfe8 22. Rxe8+ Rxe8 23. Qxb7 g5 24. Qb2 Kg7 25. Nxd4 Qf6 26. Nb3 Re1+ 27. Kg2 {Pultinevicius,P (2486)-Baginskaite,C (2122) Taujenai 2019 1-0 (37)}) ({RR} 12... Rb8 13. Qc2 Bd7 14. Ne4 Bb4 15. c5 Kh7 16. e3 b6 17. exd4 exd4 18. Rbc1 f5 19. cxb6 fxe4 20. Nh4 Rxb6 21. Bxe4+ Kg8 22. Ng6 Qd6 23. Nxf8 Kxf8 24. Rb1 Ne5 25. Rfc1 Bc3 26. Rb3 Be6 27. Rxb6 {Kulaots,K (2558)-Hammer,J (2651) Fagernes 2015 0-1 (53)}) 13. Ne4 Bb6 14. h3 Be6 15. Rb5 f5 16. Ned2 e4 17. Nh4 Rf6 18. dxe4 f4 19. e5 Rf7 20. Ng6 Qg5 21. Nxf4 Rxf4 22. gxf4 Qxf4 23. c5 Bc7 24. Rxb7 Bxe5 25. Nf3 Bf6 26. Qc1 Qf5 27. Qb1 Qf4 28. Re1 Rf8 29. Qg6 Kh8 30. Qg3 Qf5 31. Nh4 Bxh4 32. Qxh4 Bd5 33. Qg3 Rg8 34. Qg4 Qe5 35. Bxd5 Qxd5 36. Qf3 Qe6 37. Reb1 Ne5 38. Qe4 d3 1-0

[Event "Wch Blitz 9th"]
[Site "Berlin"]
[Date "2015.10.13"]
[Round "3"]
[White "Petrosian, Tigran L"]
[Black "Malakhov, Vladimir"]
[Result "1-0"]
[WhiteElo "2625"]
[BlackElo "2694"]
[PlyCount "203"]
[EventDate "2015.10.13"]
[EventType "swiss (blitz)"]
[EventRounds "21"]
[EventCountry "GER"]
[SourceTitle "CBM 168 Extra"]
[Source "ChessBase"]
[SourceDate "2015.10.29"]
[SourceVersion "1"]
[SourceVersionDate "2015.10.29"]
[SourceQuality "1"]

1. Nf3 d5 2. g3 c6 3. Bg2 Bf5 4. O-O e6 5. d3 Nd7 ({RR} 5... h6 6. c4 dxc4 7. dxc4 Nd7 8. Nc3 Ngf6 9. Bf4 Be7 10. Qd2 Nc5 11. Rfd1 O-O 12. Ne5 Qxd2 13. Rxd2 Rfd8 14. Rad1 Rxd2 15. Rxd2 a5 16. f3 Rd8 17. Rxd8+ Bxd8 18. e4 Bh7 19. Be3 Nfd7 20. Nxd7 {Jakovenko,D (2713)-Grachev,B (2683) Khanty-Mansiysk 2013 ½-½}) ({RR} 5... h6 6. c4 dxc4 7. dxc4 Qxd1 8. Rxd1 Nf6 9. Nc3 Bc2 10. Rd2 Bh7 11. b3 Nbd7 12. Bb2 Be7 13. Nd4 e5 14. Nf3 e4 15. Nd4 O-O-O 16. e3 Ne5 17. Rad1 g5 18. Nce2 Bb4 19. Nxc6 Rxd2 20. Nxa7+ {Petrosian,T (2663)-Zaitsev,A (2472) Moscow 2015 1-0 (60)}) 6. Nh4 $146 ({RR} 6. Qe1 Ngf6 7. Nh4 Bg4 8. h3 Bh5 9. f4 Bc5+ 10. Kh1 Bg6 11. e4 dxe4 12. dxe4 O-O 13. Nc3 Re8 14. Be3 Qc7 15. Qf2 Bb4 16. Nxg6 hxg6 17. Ne2 Rad8 18. g4 Ba5 19. c4 Nf8 20. e5 N6d7 {Stefanova,A (2509)-Gunina,V (2496) Huaian 2016 1-0 (42)}) ({RR} 6. Qe1 Bc5 7. e4 dxe4 8. dxe4 Bg4 9. Nbd2 Ngf6 10. h3 Bxf3 11. Nxf3 Qc7 12. Bf4 Qb6 13. Rb1 a5 14. e5 Nh5 15. Be3 Bxe3 16. fxe3 Qc5 17. b4 axb4 18. Rxb4 Nxg3 19. Qxg3 Qxb4 20. Qxg7 Qf8 {Finek,V (2431)-Krsnik Cohar,I (2331) chess.com INT 2024 0-1 (41)}) 6... Bg6 7. Nd2 Be7 8. Nxg6 hxg6 9. e4 Ngf6 10. Qe2 Qc7 11. a4 g5 12. a5 g4 13. d4 dxe4 14. Nxe4 Nxe4 15. Bxe4 Nf6 16. a6 b6 17. Bg2 Rh5 18. c4 O-O-O 19. Rd1 Rdh8 20. Bf4 Bd6 21. Bxd6 Qxd6 22. c5 bxc5 23. dxc5 Qc7 24. b4 Rxh2 25. Rd6 Nd5 26. Qxg4 Kb8 27. Qxg7 Qe7 28. Qe5 Qc7 29. Qg7 Qe7 30. Rxc6 R2h5 31. Rd6 Qe8 32. Qd4 Qb5 33. Rxd5 exd5 34. Qf4+ Kc8 35. Qxf7 Qd7 36. Qxd7+ Kxd7 37. b5 Kc7 38. Rb1 Rb8 39. f4 Rg8 40. Kf2 d4 41. b6+ Kb8 42. c6 axb6 43. Rxb6+ Ka7 44. Rb7+ Kxa6 45. Bf1+ Ka5 46. c7 Rc8 47. Kf3 Rc5 48. Ke4 R5xc7 49. Rxc7 Rxc7 50. g4 Kb6 51. Kxd4 Kc6 52. Ke5 Kd7 53. Kf6 Ke8 54. f5 Kf8 55. Bg2 Ra7 56. Bd5 Rf7+ 57. Ke5 Re7+ 58. Be6 Ra7 59. Kf6 Rf7+ 60. Ke5 Rg7 61. f6 Ra7 62. g5 Ra5+ 63. Bd5 Ra1 64. g6 Rg1 65. Kf5 Rg3 66. Be4 Rg1 67. Bf3 Kg8 68. Bg4 Kf8 69. Kg5 Kg8 70. Kf4 Kf8 71. Kg5 Kg8 72. Kh5 Rh1+ 73. Kg5 Rg1 74. Kf4 Kf8 75. Bf5 Kg8 76. Kf3 Kf8 77. Ke4 Kg8 78. Ke5 Kf8 79. Kd5 Rd1+ 80. Ke6 Re1+ 81. Kd6 Rd1+ 82. Ke5 Re1+ 83. Be4 Rg1 84. Ke6 Rg3 85. Kd6 Rg1 86. Bf5 Rg5 87. Ke5 Rg1 88. Kf4 Kg8 89. Bg4 Kf8 90. Kg5 Kg8 91. Kh4 Kf8 92. Bf5 Kg8 93. Be4 Kf8 94. Kh5 Rg3 95. Kh6 Rh3+ 96. Kg5 Rg3+ 97. Kh4 Rg1 98. Kh5 Rg3 99. Bf5 Rg1 100. Be4 Rg3 101. Bd5 Rg1 102. Kh6 1-0

[Event "Wch Blitz 9th"]
[Site "Berlin"]
[Date "2015.10.13"]
[Round "4"]
[White "Bocharov, Dmitry"]
[Black "Gajewski, Grzegorz"]
[Result "1-0"]
[WhiteElo "2560"]
[BlackElo "2654"]
[PlyCount "93"]
[EventDate "2015.10.13"]
[EventType "swiss (blitz)"]
[EventRounds "21"]
[EventCountry "GER"]
[SourceTitle "CBM 168 Extra"]
[Source "ChessBase"]
[SourceDate "2015.10.29"]
[SourceVersion "1"]
[SourceVersionDate "2015.10.29"]
[SourceQuality "1"]

1. Nf3 d5 2. c4 d4 3. b4 c5 4. bxc5 Nc6 5. d3 e5 6. g3 Nf6 ({RR} 6... Bxc5 7. Bg2 Nf6 8. O-O O-O 9. Ba3 Bxa3 10. Nxa3 Qe7 11. Nc2 Rd8 12. Nd2 Bf5 13. Rb1 e4 14. Nxe4 Nxe4 15. dxe4 Bxe4 16. Bxe4 Qxe4 17. Qd3 Qe7 18. Rb5 Rd7 19. Rd5 Rad8 20. Nxd4 Rxd5 21. cxd5 {Svidler,P (2723)-Giri,A (2764) chess24.com INT 2020 ½-½}) 7. Bg2 Be7 $146 ({RR} 7... Bxc5 8. O-O O-O 9. Nfd2 Bf5 10. Nb3 Be7 11. Ba3 Bxa3 12. Nxa3 Re8 13. c5 Be6 14. Nb5 Bd5 15. Nd6 Re7 16. Nd2 Bxg2 17. Kxg2 b6 18. N2e4 Nxe4 19. Nxe4 Qd5 20. Qb3 Qxb3 21. axb3 f5 22. Nd6 {Puranik,A (2620)-Moksh,A (2420) Delhi IND 2022 1-0 (40)}) ({RR} 7... Bxc5 8. O-O O-O 9. Bg5 h6 10. Bxf6 Qxf6 11. Nfd2 Qe7 12. Nb3 Bb4 13. a3 Bd6 14. Qc1 Be6 15. N1d2 f5 16. c5 Bc7 17. Nc4 Rad8 18. Rb1 Qf7 19. Nbd2 Bb8 20. Qb2 Rd7 21. Bxc6 bxc6 22. Qxb8 {Puranik,A (2635)-Kanyamarala,T (2243) chess.com INT 2024 1-0 (35)}) ({RR} 7... Nd7 8. O-O Nxc5 9. Nfd2 Bg4 10. Ba3 Qd7 11. Ne4 Nxe4 12. Bxe4 h5 13. Bxf8 Kxf8 14. Nd2 h4 15. Rb1 Rc8 16. Nf3 Bh3 17. Re1 hxg3 18. fxg3 Rh6 19. Rb5 f6 20. Qb3 b6 21. c5 f5 22. Bxc6 {Puranik,A (2604)-Aronian,L (2772) Warsaw 2021 1-0 (56)}) 8. Nbd2 O-O 9. O-O Nd7 10. Ne4 Nxc5 11. Nxc5 Bxc5 12. Rb1 Rb8 13. Nd2 Bd7 14. f4 exf4 15. Ne4 Bb6 16. Bxf4 Bc7 17. Qd2 Ne5 18. Nc5 Bc6 19. Nxb7 Rxb7 20. Rxb7 Bxg2 21. Rxc7 Bxf1 22. Bxe5 Bh3 23. Qf4 Qb8 24. g4 Qb1+ 25. Kf2 Qf1+ 26. Kg3 Qg2+ 27. Kh4 h6 28. Qf3 g5+ 29. Kh5 Bxg4+ 30. Qxg4 Qf2 31. Bg3 Qf6 32. Qe4 a5 33. Ra7 a4 34. Ra8 Rxa8 35. Qxa8+ Kg7 36. Qe4 Kg8 37. Qe8+ Kh7 38. Qe4+ Kg8 39. c5 Qf1 40. Qe8+ Kh7 41. Qe4+ Kg8 42. Kg4 Kg7 43. Be5+ f6 44. Bg3 h5+ 45. Kxh5 Qh3+ 46. Bh4 gxh4 47. Qg4+ 1-0

[Event "Wch Blitz 9th"]
[Site "Berlin"]
[Date "2015.10.13"]
[Round "5"]
[White "Ehlvest, Jaan"]
[Black "Savchenko, Boris"]
[Result "1-0"]
[WhiteElo "2535"]
[BlackElo "2567"]
[PlyCount "97"]
[EventDate "2015.10.13"]
[EventType "swiss (blitz)"]
[EventRounds "21"]
[EventCountry "GER"]
[SourceTitle "CBM 168 Extra"]
[Source "ChessBase"]
[SourceDate "2015.10.29"]
[SourceVersion "1"]
[SourceVersionDate "2015.10.29"]
[SourceQuality "1"]

1. Nf3 {ChessBase} d5 2. c4 d4 3. b4 f6 4. Bb2 e5 5. a3 c5 6. bxc5 Nc6 7. d3 Bxc5 8. g3 f5 ({RR} 8... Nge7 9. Bg2 O-O 10. O-O Bg4 11. Nfd2 Qd7 12. Re1 f5 13. Nb3 b6 14. N1d2 Rac8 15. a4 Bb4 16. Ba3 Bxa3 17. Rxa3 Nb4 18. Qb1 a5 19. c5 bxc5 20. Nc4 Qe6 21. Ncxa5 Ned5 22. Nc4 e4 23. dxe4 {Mis,M (2351)-Kazakouski,V (2603) Warsaw POL 2024 0-1}) 9. Nbd2 Nf6 10. Nb3 $146 ({RR} 10. Bg2 O-O 11. O-O Qe8 12. Nb3 Bd6 13. e3 dxe3 14. fxe3 Ng4 15. Qd2 Qh5 16. e4 ({RR} 16. h3 Nh6 17. e4 f4 18. g4 Nxg4 19. hxg4 Bxg4 20. Qc3 Rf6 21. c5 Rg6 22. Kf2 Bxf3 23. Bxf3 Bxc5+ 24. Qxc5 ({RR} 24. Nxc5 Qh4+ 25. Ke2 Nd4+ 26. Kd2 Nxf3+ 27. Rxf3 Qh2+ 28. Ke1 Rg1+ 29. Rf1 Rxf1+ 30. Kxf1 f3) 24... Qh2+ 25. Ke1 Qxb2) 16... f4 17. gxf4 Rxf4 18. Bc1 Nd4 19. Nbxd4 exd4 20. Qe2 ({RR} 20. c5 Rxf3 21. Rxf3 Qxh2+ 22. Kf1 Ne3+ 23. Rxe3 dxe3 24. Qa2+ Kh8 25. Bxe3 Be6) 20... Rxf3 ({RR} 20... Rf7 21. h3 Nh2 22. Nxd4 Rxf1+ 23. Bxf1 Qe5 24. Be3 Qg3+ 25. Bg2 Bxh3) 21. Rxf3 ({RR} 21. Bxf3 Bxh2+ 22. Kh1 Bg3+ 23. Kg1 Qh4) 21... Qxh2+ 22. Kf1 Qh4 23. Kg1 Nh2 ({RR} 23... Bh2+ 24. Kh1 Bg3+ 25. Kg1 Qh2+ 26. Kf1 Ne5 27. Rxg3 Qxg3 28. Kg1 Bh3) 24. Rf2 ({RR} 24. e5) 24... Bg4 {Kleefstra,H-Euwe,M Amsterdam 1933 EXT 2017 [ChessBase] 0-1} ({RR} 24... Be5 25. Ra2 Ng4)) 10... Bd6 11. Bg2 a5 12. c5 Be7 13. Qc2 Be6 14. O-O O-O 15. Nxe5 Nxe5 16. Nxd4 Bc8 17. Nxf5 Bxf5 18. Bxe5 Nd7 19. Bd4 Rb8 20. Rab1 Qc7 21. Rfc1 Bf6 22. Be3 Kh8 23. Rb5 Ne5 24. Qb3 Ng4 25. Bf4 Be5 26. Bxe5 Qxe5 27. Qb2 Qe7 28. e4 Bd7 29. Rxb7 Rxb7 30. Qxb7 Qf6 31. Rf1 Bc6 32. Qc7 Rd8 33. h3 Ne5 34. f4 Nxd3 35. e5 Qf8 36. Qxc6 Rc8 37. Qd5 Rd8 38. Qc4 Nxc5 39. e6 Qd6 40. Re1 Qd2 41. Qe2 Qd4+ 42. Kh2 Re8 43. e7 Qd6 44. Qe5 Qb6 45. Rd1 Nb3 46. Qd6 Qb5 47. Qd7 Qxd7 48. Rxd7 Nc5 49. Rd8 1-0

[Event "Wch Blitz 9th"]
[Site "Berlin"]
[Date "2015.10.13"]
[Round "5"]
[White "Vachier Lagrave, Maxime"]
[Black "Perunovic, Milos"]
[Result "1-0"]
[WhiteElo "2758"]
[BlackElo "2622"]
[PlyCount "59"]
[EventDate "2015.10.13"]
[EventType "swiss (blitz)"]
[EventRounds "21"]
[EventCountry "GER"]
[SourceTitle "CBM 168 Extra"]
[Source "ChessBase"]
[SourceDate "2015.10.29"]
[SourceVersion "1"]
[SourceVersionDate "2015.10.29"]
[SourceQuality "1"]

1. Nf3 c5 2. g3 Nc6 3. Bg2 e5 4. e4 g6 5. d3 Bg7 6. Be3 d6 7. c3 Nge7 8. O-O O-O 9. Na3 b6 10. Re1 ({RR} 10. d4 Ba6 11. Re1 exd4 12. cxd4 d5 13. dxc5 dxe4 14. Ng5 Qxd1 15. Raxd1 Bxb2 16. Bc1 Bxc1 17. Rxc1 f5 18. f3 Nd4 19. fxe4 f4 20. gxf4 Rxf4 21. Kh1 Rg4 22. e5 Rf8 23. Ne4 Bb7 24. Nc4 Rf2 {Visser,Y (2380)-Rogers,I (2570) Hoogeveen 1997 0-1 (34)}) ({RR} 10. d4 exd4 11. cxd4 Bg4 12. Nc2 Qd7 13. Qd2 Na5 14. b3 Rac8 15. Bh6 c4 16. Bxg7 Kxg7 17. bxc4 Nxc4 18. Qd3 d5 19. Ne3 dxe4 20. Qxe4 Bxf3 21. Bxf3 Nd2 22. Bg4 Qd6 23. Qe5+ Qxe5 24. dxe5 Nxf1 {Lin,Q (1498)-Zhu,G Shanghai CHN 2024 0-1 (56)}) 10... h6 11. d4 $146 ({RR} 11. Qd2 Kh7 12. Nh4 g5 13. Nf3 f5 14. exf5 Bxf5 15. Qe2 Qd7 16. h4 Bg4 17. hxg5 h5 18. Bc1 d5 19. Qe3 Nf5 20. Qd2 Bxf3 21. Bxf3 Nxg3 22. Bg2 Nf5 23. g6+ Kxg6 24. Qg5+ Kh7 25. Qxh5+ Bh6 {Kozarcanin,S (2191)-Filipovic,B (2420) Rabac 2003 0-1 (43)}) 11... exd4 12. cxd4 Bg4 13. Nc2 d5 14. exd5 Nxd5 15. dxc5 Bxb2 16. Bxh6 Nc3 17. Qxd8 Rfxd8 18. Ne3 Bxf3 19. Bxf3 Rac8 20. Bg5 Re8 21. Ng4 Nd4 22. Nf6+ Kg7 23. Nxe8+ Rxe8 24. Rxe8 Nxf3+ 25. Kg2 Nxg5 26. c6 Nd5 27. Rd1 Nc7 28. Re7 Nge6 29. Rdd7 Nb5 30. Rxe6 1-0

[Event "Wch Blitz 9th"]
[Site "Berlin"]
[Date "2015.10.13"]
[Round "6"]
[White "Bachmann, Axel"]
[Black "Ernst, Sipke"]
[Result "1-0"]
[WhiteElo "2593"]
[BlackElo "2527"]
[PlyCount "61"]
[EventDate "2015.10.13"]
[EventType "swiss (blitz)"]
[EventRounds "21"]
[EventCountry "GER"]
[SourceTitle "CBM 168 Extra"]
[Source "ChessBase"]
[SourceDate "2015.10.29"]
[SourceVersion "1"]
[SourceVersionDate "2015.10.29"]
[SourceQuality "1"]

1. g3 d5 2. Nf3 c6 3. Bg2 Bg4 4. O-O Nd7 5. d3 e5 6. e4 Ngf6 7. Qe2 dxe4 8. dxe4 Be7 9. h3 Bh5 10. Nbd2 Qc7 ({RR} 10... O-O 11. b3 Re8 12. Bb2 Qc7 13. Nc4 b5 14. Ncd2 Bf8 15. a4 a6 16. g4 Bg6 17. Nh4 Nc5 18. axb5 axb5 19. Rxa8 Rxa8 20. f4 exf4 21. e5 Nd5 22. Nxg6 hxg6 23. Bxd5 cxd5 24. Qxb5 Ne6 25. Qd3 {Efimenko,Z (2602)-Terry,R (2504) Chess.com INT 2020 0-1}) 11. a4 ({RR} 11. Nc4 O-O 12. Ne3 Rfe8 13. Nf5 Bf8 14. Bg5 h6 15. Bd2 Bg6 16. N3h4 Bh7 17. Kh1 Nc5 18. Bc3 Nfd7 19. Qg4 Kh8 20. f4 Ne6 21. Rad1 f6 22. Ng6+ Bxg6 23. Qxg6 Rad8 24. Rxd7 Qxd7 25. fxe5 fxe5 {Gubajdullin,A (2238)-Baches Garcia,G (2322) chess.com INT 2024 0-1 (66)}) 11... a5 12. Nc4 O-O 13. g4 $146 ({RR} 13. Bd2 Rfe8 14. Qe1 b6 15. Nh4 Bc5 16. Nf5 Bg6 17. Nce3 Nf8 18. Ng4 Nxg4 19. hxg4 Ne6 20. c3 Rad8 21. Qe2 Rd7 22. Rfd1 Red8 23. Be1 {½-½ (23) Hartoch,R (2365)-Brenninkmeijer,J (2360) Wijk aan Zee 1987}) 13... Bg6 14. Nh4 Nc5 15. Nxg6 hxg6 16. f4 Nfd7 17. f5 Rae8 18. g5 Nxa4 19. fxg6 fxg6 20. Rxa4 b5 21. Rxa5 bxc4 22. Qxc4+ Kh7 23. Ra1 Rxf1+ 24. Bxf1 Qb6+ 25. Kh1 Rf8 26. Bg2 Qd4 27. Qxd4 exd4 28. Ra7 Rd8 29. Bf4 d3 30. cxd3 Nc5 31. Rxe7 1-0

[Event "Wch Blitz 9th"]
[Site "Berlin"]
[Date "2015.10.13"]
[Round "6"]
[White "Petrosian, Tigran L"]
[Black "Dubov, Daniil"]
[Result "1-0"]
[WhiteElo "2625"]
[BlackElo "2661"]
[PlyCount "57"]
[EventDate "2015.10.13"]
[EventType "swiss (blitz)"]
[EventRounds "21"]
[EventCountry "GER"]
[SourceTitle "CBM 168 Extra"]
[Source "ChessBase"]
[SourceDate "2015.10.29"]
[SourceVersion "1"]
[SourceVersionDate "2015.10.29"]
[SourceQuality "1"]

1. Nf3 g6 2. g3 b6 3. Bg2 Bb7 4. O-O Bg7 5. d3 c5 6. e4 d6 7. Re1 ({RR} 7. c3 Nf6 8. Nbd2 O-O 9. Re1 Nc6 10. a3 Nd7 11. Nb3 b5 12. d4 a5 13. Be3 a4 14. Nbd2 Qb6 15. d5 Nce5 16. Nxe5 Nxe5 17. Qe2 Ba6 18. f4 b4 19. c4 Nd7 20. Rab1 Rab8 21. Bh3 Rfd8 {Anton Guijarro,D (2666)-Carlsen,M (2837) Riadh 2017 0-1 (42)}) 7... Nd7 ({RR} 7... Nc6 8. Nbd2 Nf6 9. a4 O-O 10. Nc4 Nd7 11. Bd2 a6 12. Qc1 Re8 13. Bh6 Bh8 14. c3 b5 15. axb5 axb5 16. Na3 b4 17. Nc4 Ba6 18. Nfd2 Nde5 19. Qc2 Bxc4 20. dxc4 Qb6 21. Be3 Reb8 22. h3 {Zhukovskyi,M (1953)-Pyrih,R (2422) Prague CZE 2024 ½-½ (118)}) 8. Bg5 $146 ({RR} 8. Nbd2 Ngf6 9. c3 O-O 10. a3 Qc7 11. Rb1 Rac8 12. b3 Ne5 13. Qc2 Rfd8 14. Bb2 Nfd7 15. Rbc1 e6 16. Qb1 Qb8 17. d4 Nxf3+ 18. Nxf3 cxd4 19. cxd4 Qa8 20. Nd2 Bh6 21. Rxc8 Rxc8 22. Nc4 Bf8 {Vijayalakshmi,S (2378)-Prasad,D (2431) Hyderabad 2000 ½-½}) ({RR} 8. c3 Ngf6 9. Nbd2 O-O 10. d4 {½-½ (10) Lupkowski,E (2225)-Leskiewicz,M (2220) Warsaw 1999}) 8... Bxb2 9. Nbd2 Bxa1 10. Qxa1 f6 11. Be3 e5 12. Nc4 Qc7 13. a4 Ne7 14. Bh6 d5 15. exd5 Bxd5 16. Ne3 Bc6 17. a5 b5 18. Ng4 Qd6 19. Qa2 O-O-O 20. a6 Nf5 21. Bd2 h5 22. Ne3 Nd4 23. Nxd4 cxd4 24. Nd5 Kb8 25. Ba5 Nb6 26. Bxb6 axb6 27. a7+ Kb7 28. Ra1 Ra8 29. Qa6# 1-0

[Event "Wch Blitz 9th"]
[Site "Berlin"]
[Date "2015.10.13"]
[Round "6"]
[White "Shchekachev, Andrei"]
[Black "Wojtaszek, Radoslaw"]
[Result "1-0"]
[WhiteElo "2531"]
[BlackElo "2734"]
[PlyCount "85"]
[EventDate "2015.10.13"]
[EventType "swiss (blitz)"]
[EventRounds "21"]
[EventCountry "GER"]
[SourceTitle "CBM 168 Extra"]
[Source "ChessBase"]
[SourceDate "2015.10.29"]
[SourceVersion "1"]
[SourceVersionDate "2015.10.29"]
[SourceQuality "1"]

1. Nf3 d5 2. d3 Nf6 3. Nbd2 c5 4. g3 Nc6 5. Bg2 Bg4 6. h3 Bh5 7. g4 Bg6 8. Nh4 e6 9. e3 $146 ({RR} 9. Nxg6 hxg6 10. Nf3 Bd6 11. Bg5 Qb6 12. b3 Qc7 13. c4 O-O-O 14. Rc1 Rde8 15. Nd2 Nh7 16. cxd5 exd5 17. Nf3 Nxg5 18. Nxg5 Bf4 19. Rxc5 Bxg5 20. Bxd5 Be7 21. Bxc6 Bxc5 22. Bxe8 Rxe8 23. e3 Bxe3 {Tadic,A (1817)-Ahmad,K (2220) Vrnjacka Banja SRB 2023 0-1 (52)}) ({RR} 9. Nxg6 hxg6 10. e4 Qc7 11. exd5 Nxd5 12. Ne4 O-O-O 13. Be3 f5 14. Ng5 Nxe3 15. fxe3 Qg3+ 16. Kf1 Be7 17. Qf3 Qe5 18. Nf7 Qxb2 19. Qd1 fxg4 20. Nxh8 Rf8+ 21. Ke2 Rxh8 22. hxg4 Rxh1 23. Bxh1 Nb4 {Franco Valencia,B (2097)-Mateus,M (2094) Bogota 2006 0-1 (38)}) 9... Be7 10. Qe2 Nd7 11. Nxg6 hxg6 12. a3 Qc7 13. c4 Nb6 14. Nf3 Rd8 15. O-O Bf6 16. Rb1 a5 17. cxd5 Nxd5 18. Bd2 O-O 19. Rfc1 Be7 20. Be1 a4 21. Qc2 b5 22. Nd2 Nb6 23. Ne4 Ne5 24. d4 Nec4 25. Nxc5 Bxc5 26. dxc5 Nd7 27. Bb4 Nxc5 28. Bf1 Nb3 29. Bxf8 Rd2 30. Qc3 Kxf8 31. Bxc4 Rxf2 32. Kxf2 Qh2+ 33. Ke1 Qg3+ 34. Kd1 Qg1+ 35. Qe1 Qg2 36. Rc2 Qf3+ 37. Be2 Qd5+ 38. Rd2 Qe4 39. Rc1 Kg8 40. Bd3 Qf3+ 41. Be2 Qe4 42. Rd8+ Kh7 43. Qh4# 1-0